Catálogo - Centro de Recursos para el Aprendizaje y la Investigación

Volver al Sitio - CRAI Biblioteca

Derecho internacional público : (Registro nro. 114184)

Detalles MARC
000 -CABECERA
campo de control de longitud fija 03277cam a2200265 i 4500
001 - NÚMERO DE CONTROL
campo de control 114184
003 - IDENTIFICADOR DEL NÚMERO DE CONTROL
campo de control DR-UNIBE
005 - FECHA Y HORA DE LA ÚLTIMA TRANSACCIÓN
campo de control 20251029121017.0
008 - DATOS DE LONGITUD FIJA--INFORMACIÓN GENERAL
campo de control de longitud fija 190325s2023 sp b 000 0 spa
020 ## - NÚMERO INTERNACIONAL ESTÁNDAR DEL LIBRO
Número Internacional Estándar del Libro 9788411259873
040 ## - FUENTE DE LA CATALOGACIÓN
Centro catalogador/agencia de origen DLC
Lengua de catalogación eng
Normas de descripción rda
Centro/agencia transcriptor DLC
Centro/agencia modificador BIBLIOTECA UNIBE
041 ## - CÓDIGO DE LENGUA
Código de lengua del texto/banda sonora o título independiente spa
042 ## - CÓDIGO DE AUTENTICACIÓN
Código de autenticación pcc
082 ## - NÚMERO DE LA CLASIFICACIÓN DECIMAL DEWEY
Número de clasificación 341 S127d 2023
100 ## - ENTRADA PRINCIPAL--NOMBRE DE PERSONA
Nombre de persona Saenz de Santa María, M. Paz Andrés
9 (RLIN) 111307
245 10 - MENCIÓN DE TÍTULO
Título Derecho internacional público :
Resto del título textos y materiales /
Mención de responsabilidad, etc. Paz Andrés Sáenz de Santa María, Javier A. González Vega
250 ## - MENCIÓN DE EDICIÓN
Mención de edición Quinta edición
260 ## - PUBLICACIÓN, DISTRIBUCIÓN, ETC.
Lugar de publicación, distribución, etc. Cizur Menor, Navarra :
Nombre del editor, distribuidor, etc. Civitas,
Fecha de publicación, distribución, etc. 2023
300 ## - DESCRIPCIÓN FÍSICA
Extensión 1067 páginas
505 ## - NOTA DE CONTENIDO CON FORMATO
Nota de contenido con formato CAPÍTULO I. EL ORDENAMIENTO JURÍDICO INTERNACIONAL |<br/>CAPÍTULO II. LOS SUJETOS DEL ORDENAMIENTO INTERNACIONAL |<br/>CAPÍTULO III. LA FORMACIÓN DE LAS NORMAS Y LA CREACIÓN DE LOS DERECHOS Y OBLIGACIONES INTERNACIONALES. LA INTEGRACIÓN DE LAS NORMAS INTERNACIONALES EN EL ORDENAMIENTO INTERNO |<br/>CAPÍTULO IV. LA APLICACIÓN DE LAS NORMAS INTERNACIONALES |<br/>CAPÍTULO V. EL RÉGIMEN JURÍDICO-INTERNACIONAL DE LOS ESPACIOS: EL TERRITORIO Y LOS ESPACIOS MARINOS |<br/>CAPÍTULO VI. LA PROTECCIÓN DE LOS INTERESES FUNDAMENTALES DE LA COMUNIDAD INTERNACIONAL |<br/>CAPÍTULO VII. EL ARREGLO PACÍFICO DE CONTROVERSIAS INTERNACIONALES |<br/>CAPÍTULO VIII. EL USO DE LA FUERZA EN LA COMUNIDAD INTERNACIONAL Y EL MANTENIMIENTO DE LA PAZ Y LA SEGURIDAD INTERNACIONALES |<br/>
520 #3 - SUMARIO, ETC.
Sumario, etc. La importancia que en el Derecho internacional público ha tenido siempre el análisis de la práctica se ha visto potenciada tras la adaptación al Espacio Europeo de Educación Superior, como consecuencia del valor que se atribuye a las clases prácticas y a la realización de otras actividades académicas dirigidas. Concebida como un instrumento para la enseñanza de este ordenamiento en las Universidades españolas y también como una herramienta útil para los prácticos del Derecho, esta obra pretende ofrecer una visión del Derecho internacional público ajustada a su realidad presente, teniendo en cuenta los desarrollos más recientes producidos en el ámbito internacional, desde la pandemia del COVID-19 hasta la persistente agresión rusa a Ucrania. Con esta finalidad, proporciona una amplia selección de textos de la jurisprudencia internacional e interna, los actos de las organizaciones internacionales, los trabajos de codificación, los tratados internacionales y la legislación estatal, prestando especial atención a la práctica española. Se articula en torno a las diferentes partes que configuran los programas docentes de la asignatura en el grado en Derecho y en otros grados relacionados con las ciencias jurídico-sociales. Cada capítulo está estructurado sobre la base de un hilo conductor que busca fomentar la reflexión en torno a las cuestiones abordadas con el objeto de alcanzar conclusiones sobre el estado actual del Derecho internacional en los principales sectores de este ordenamiento; para ello, junto a los textos, en los capítulos se proporcionan también una introducción que sintetiza los conceptos esenciales y unas referencias bibliográficas.
650 #7 - PUNTO DE ACCESO ADICIONAL DE MATERIA--TÉRMINO DE MATERIA
Término de materia o nombre geográfico como elemento de entrada Derecho internacional público
9 (RLIN) 44657
Fuente del encabezamiento o término lemb
650 #7 - PUNTO DE ACCESO ADICIONAL DE MATERIA--TÉRMINO DE MATERIA
Término de materia o nombre geográfico como elemento de entrada Relaciones internacionales
Fuente del encabezamiento o término lemb
942 ## - ELEMENTOS DE PUNTO DE ACCESO ADICIONAL (KOHA)
Fuente del sistema de clasificación o colocación Sistema de Clasificación Decimal Dewey
Tipo de ítem Koha Libro (general)
Existencias
Estado de retiro Estado de pérdida Fuente del sistema de clasificación o colocación No para préstamo Código de colección Localización permanente Ubicación en estantería Fecha de adquisición Total de préstamos Signatura topográfica completa Código de barras Fecha visto por última vez Número de copia Precio válido a partir de Tipo de ítem Koha
  Disponible Sistema de Clasificación Decimal Dewey   General Biblioteca Central UNIBE Área de exhibición 29/10/2025   341 S127d 2023 251131 29/10/2025 Ej. 1 29/10/2025 Libro (general)